Vista normal Vista MARC

Entrada Personal Name

Número de registros utilizados en: 2

001 - CONTROL NUMBER

  • control field: 67659

003 - CONTROL NUMBER IDENTIFIER

  • control field: OSt

005 - DATE AND TIME OF LATEST TRANSACTION

  • control field: 20251205195218.0

008 - FIXED-LENGTH DATA ELEMENTS

  • fixed length control field: 251205|| aca||aabn | a|a d

040 ## - CATALOGING SOURCE

  • Original cataloging agency: OSt
  • Transcribing agency: OSt

100 ## - HEADING--PERSONAL NAME

  • Personal name: San Vicente, Ricardo

670 ## - SOURCE DATA FOUND

  • Source citation: Work cat.: (OSt)60064: Chejov, Anton Pavlovich, 1860-1904. 2719, El pabellón No. 6 /









Instituto Departamental de Cultura del Meta - Red Departamental de Bibliotecas Públicas del Meta.